Audio for single camera operation
Saved in:
| Main Author: | |
|---|---|
| Format: | Book |
| Language: | English |
| Published: |
Oxford :
Focal Press,
2003
|
| Series: | Media manuals
|
| Subjects: | |
| Tags: |
Add Tag
No Tags, Be the first to tag this record!
|
MARC
| LEADER | 00000nam a2200000 i 4500 | ||
|---|---|---|---|
| 001 | 1/77197 | ||
| 008 | 050525s2003 eng d | ||
| 020 | |a 0-240-51644-3 | ||
| 035 | |l 10078179 | ||
| 040 | |a GR-MY-UA |b gre |e aacr | ||
| 041 | 0 | |a eng | |
| 082 | 0 | |a 778.592 |2 (22) | |
| 100 | 1 | |a Grant, Tony. | |
| 245 | 1 | 0 | |a Audio for single camera operation / |c Tony Grant |
| 260 | |a Oxford : |b Focal Press, |c 2003 | ||
| 300 | |a 204 σ.; |b εικ.; |c 22 εκ. | ||
| 490 | 1 | |a Media manuals | |
| 504 | |a Περιέχει βιβλιογραφικές παραπομπές | ||
| 650 | 0 | 0 | |a Sound |x Recording and reproducing. |
| 650 | 0 | 0 | |a Video recording. |
| 830 | 0 | |a Media manuals | |
| 852 | |a INST |b LESVOS |e 20050525 |h 778.592 GRA |p 005100027641 |q 005100027641 |t BK |y 0 | ||
| 901 | |a BIBL1-2005-2 | ||
| 909 | |a Λ |b 113810 | ||
| 920 | |a ΔΙΕΥΡΥΝΣΗ |b ΕΠΕΑΕΚ-ΠΤΕ |y ΛΕΣΒΟΣ |z 2004-10 | ||
| 970 | |a ΜΑΡΙΝΑΤΟΥ |b ΜΥΡΣΙΝΗ |z 2005/05/25 | ||